[Event "12th New York International 2019"]
[Site "New York"]
[Date "2019.07.13"]
[Round "7.3"]
[White "Perez, Robert"]
[Black "Korley, Kassa"]
[Result "1/2-1/2"]
[WhiteElo "2393"]
[BlackElo "2437"]
[Annotator "TA"]
[PlyCount "62"]
[EventDate "2019.07.11"]
[EventType "swiss"]
[EventCountry "USA"]
[SourceTitle "playchess.com"]
[Source "ChessBase"]
[SourceQuality "1"]

{[%evp 9,62,24,17,19,32,33,27,27,33,35,33,30,33,32,33,37,33,37,30,33,32,33,47,50,55,54,56,61,53,59,64,53,58,57,56,31,53,57,64,49,48,43,37,0,23,0,50,0,48,0,17,18,22,36,36]} 1. d4 d5 2. c4 e6 3. Nf3 a6 4. cxd5 exd5 5. Nc3 Nf6 6. Bg5 {D37: Queen's Gambit Declined: 5 Bf4} Be6 7. e3 Nbd7 8. Bd3 {White has an edge.} Bd6 (8... h6 9. Bf4 g5 10. Bg3 Nh5 11. Be5 Nhf6 12. Bg3 Nh5 13. Ne2 Nxg3 14. Nxg3 {1-0 (61) Leko,P (2679)-Caruana,F (2832) Germany 2019}) 9. O-O O-O 10. h3 $146 ({Predecessor:} 10. Qc2 h6 11. Bf4 Qe7 12. h3 Rfe8 {0-1 (29) Basso,P (2447)-Prohaszka,P (2596) Minsk 2017}) 10... h6 11. Bf4 Qe7 12. Rc1 Rfe8 13. Qc2 Rac8 14. Rfd1 c6 15. a3 b5 16. Ne2 c5 17. dxc5 Nxc5 18. Bxd6 Qxd6 19. Nf4 Bd7 20. Qb1 Na4 21. Rxc8 Rxc8 22. Bf5 Rc7 23. Bxd7 Rxd7 24. Qc2 Rc7 25. Qb3 Rc4 26. Nd2 Rc8 27. Nf3 Rc4 28. Nd2 Rc5 29. Nf3 Qc7 30. Nd4 Rc1 {...Nxb2! is the strong threat.} 31. Nd3 Rc4 {Accuracy: White = 77%, Black = 57%.} 1/2-1/2

[Event "12th New York International 2019"]
[Site "New York"]
[Date "2019.07.13"]
[Round "7.4"]
[White "Shen, Christopher"]
[Black "Shen, Victor"]
[Result "1/2-1/2"]
[WhiteElo "2283"]
[BlackElo "2418"]
[Annotator "TA"]
[PlyCount "60"]
[EventDate "2019.07.11"]
[EventType "swiss"]
[EventCountry "USA"]
[SourceTitle "playchess.com"]
[Source "ChessBase"]
[SourceQuality "1"]

{[%evp 18,60,56,52,68,59,74,68,65,14,19,11,25,17,7,9,40,24,47,14,11,22,46,44,59,47,63,34,33,35,66,40,58,53,57,58,56,29,35,41,23,14,23,0,0]} 1. c4 Nf6 2. g3 e6 3. Nf3 d5 4. Bg2 Be7 5. O-O O-O 6. d4 c6 7. Nc3 b6 8. Ne5 Bb7 9. e4 dxc4 10. Nxc4 b5 {E06: Closed Catalan: Early deviations} (10... Ba6 11. b3 b5 12. Ne5 c5 13. d5 Bd6 14. f4 b4 15. Nc4 bxc3 16. dxe6 Bxc4 17. bxc4 a5 18. e5 Ra6 19. exf6 Qxf6 20. exf7+ Kh8 21. Be3 {½-½ (21) Genov,P (2433)-Meskovs,N (2535) Finland 2019}) 11. Ne3 a6 $146 ({Predecessor:} 11... Qb6 12. e5 Nd5 13. Qg4 Kh8 14. Rd1 Nxc3 15. bxc3 Nd7 16. f4 f5 17. Qe2 Qa6 18. c4 bxc4 19. Qxc4 Qxc4 20. Nxc4 {1-0 (44) Oliva Castaneda,K (2419)-Meister,P (2410) Sitges 2014}) 12. e5 Nd5 {White is slightly better.} 13. Nexd5 (13. f4 $14) 13... cxd5 $11 14. f4 f5 15. exf6 Bxf6 16. Be3 Re8 17. Qd2 Nd7 18. g4 Nb6 19. b3 Rc8 20. Ne2 {[%cal Bc3e2,Be2g3,Bg3h1,Bh1f2,Bf2g4][%mdl 32]} Qc7 21. Rac1 Qd6 22. Ng3 Rxc1 23. Rxc1 Nd7 24. Bf1 Bd8 25. g5 Nf8 26. Bd3 Bb6 27. Nh1 Rc8 28. Rxc8 Bxc8 29. Nf2 Bd7 30. Ng4 Be8 {Accuracy: White = 52%, Black = 52%.} 1/2-1/2

[Event "12th New York International 2019"]
[Site "New York"]
[Date "2019.07.14"]
[Round "8.1"]
[White "Rohde, Michael"]
[Black "Paragua, Mark"]
[Result "1/2-1/2"]
[WhiteElo "2332"]
[BlackElo "2503"]
[Annotator "ChessBase"]
[PlyCount "58"]
[EventDate "2019.07.11"]
[EventType "swiss"]
[EventCountry "USA"]
[SourceTitle "playchess.com"]
[Source "ChessBase"]
[SourceQuality "1"]
[TimeControl "5400+30"]

1. e4 {[%emt 0:00:30]} c5 {[%emt 0:00:00]} 2. c3 {[%emt 0:00:05]} Nf6 {[%emt 0:01:44]} 3. e5 {[%emt 0:00:05]} Nd5 {[%emt 0:00:04]} 4. d4 {[%emt 0:00:11]} cxd4 {[%emt 0:00:06]} 5. Nf3 {[%emt 0:00:07]} Nc6 {[%emt 0:01:32]} 6. Bc4 {[%emt 0:03:39]} Nb6 {[%emt 0:03:25]} 7. Bb3 {[%emt 0:00:15]} d5 {[%emt 0:00:09]} 8. exd6 {[%emt 0:00:42]} Qxd6 {[%emt 0:00:05]} 9. O-O {[%emt 0:00:49]} Be6 {[%emt 0:01:29]} 10. Na3 {[%emt 0:01:10]} a6 {[%emt 0:11:42]} 11. Bxe6 {[%emt 0:05:31]} Qxe6 {[%emt 0:00:05]} 12. Nxd4 {[%emt 0:00:39]} Nxd4 {[%emt 0:00:06]} 13. Qxd4 {[%emt 0:03:19]} Rd8 {[%emt 0:03:18]} 14. Qh4 {[%emt 0:06:18]} h5 {[%emt 0:00:19]} 15. h3 {[%emt 0:01:29]} f6 {[%emt 0:01:05]} 16. Be3 {[%emt 0:02:42]} Nd5 {[%emt 0:01:47]} 17. Rad1 {[%emt 0:11:29]} Nxe3 {[%emt 0:07:04]} 18. Rxd8+ {[%emt 0:01:11]} Kxd8 {[%emt 0:00:06]} 19. Qd4+ {[%emt 0:00:55]} Ke8 {[%emt 0:00:27]} 20. fxe3 {[%emt 0:00:23]} g6 {[%emt 0:01:25]} 21. Nc4 {[%emt 0:11:40]} Bh6 {[%emt 0:06:42]} 22. e4 {[%emt 0:00:23]} Kf7 {[%emt 0:02:34]} 23. Nb6 {[%emt 0:01:10]} Kg7 {[%emt 0:11:55]} 24. a4 {[%emt 0:04:47]} Kh7 {[%emt 0:04:11]} 25. Kh1 {[%emt 0:05:26]} Rf8 {[%emt 0:04:27]} 26. a5 {[%emt 0:03:24]} f5 {[%emt 0:09:34]} 27. Nd7 {[%emt 0:05:02]} Rc8 {[%emt 0:00:04]} 28. Nb6 {[%emt 0:06:08]} Rf8 {[%emt 0:05:09]} 29. Nd7 {[%emt 0:00:33]} Rc8 {[%emt 0:02:19]} 1/2-1/2

[Event "12th New York International 2019"]
[Site "New York"]
[Date "2019.07.14"]
[Round "8.2"]
[White "Korley, Kassa"]
[Black "Zherebukh, Yaroslav"]
[Result "1/2-1/2"]
[WhiteElo "2437"]
[BlackElo "2628"]
[Annotator "ChessBase"]
[PlyCount "250"]
[EventDate "2019.07.11"]
[EventType "swiss"]
[EventCountry "USA"]
[SourceTitle "playchess.com"]
[Source "ChessBase"]
[SourceQuality "1"]
[TimeControl "5400+30"]

1. d4 {[%emt 0:00:00]} Nf6 {[%emt 0:00:00]} 2. c4 {[%emt 0:00:00]} e6 {[%emt 0:09:39]} 3. Nc3 {[%emt 0:00:00]} Bb4 {[%emt 0:00:49]} 4. Qc2 {[%emt 0:00:00]} O-O {[%emt 0:00:59]} 5. a3 {[%emt 0:00:00]} Bxc3+ {[%emt 0:00:04]} 6. Qxc3 {[%emt 0:00:00]} b6 {[%emt 0:02:42]} 7. Nf3 {[%emt 0:00:05]} Bb7 {[%emt 0:01:03]} 8. e3 {[%emt 0:00:10]} Ne4 {[%emt 0:01:28]} 9. Qc2 {[%emt 0:00:07]} f5 {[%emt 0:00:17]} 10. b4 {[%emt 0:01:02]} c5 {[%emt 0:15:08]} 11. Be2 {[%emt 0:09:52]} Nc6 {[%emt 0:17:50]} 12. bxc5 {[%emt 0:07:31]} bxc5 {[%emt 0:00:05]} 13. O-O {[%emt 0:00:04]} Rc8 {[%emt 0:04:28]} 14. Ne5 {[%emt 0:13:29]} cxd4 {[%emt 0:06:28]} 15. Nxc6 {[%emt 0:00:11]} Rxc6 {[%emt 0:01:26]} 16. exd4 {[%emt 0:00:14]} Ba6 {[%emt 0:00:04]} 17. f3 {[%emt 0:01:17]} Nf6 {[%emt 0:06:26]} 18. c5 {[%emt 0:04:02]} Bxe2 {[%emt 0:00:50]} 19. Qxe2 {[%emt 0:00:02]} Nd5 {[%emt 0:00:07]} 20. Bd2 {[%emt 0:00:13]} Qf6 {[%emt 0:07:02]} 21. Qd3 {[%emt 0:00:02]} Rfc8 {[%emt 0:03:47]} 22. Rfe1 {[%emt 0:00:07]} d6 {[%emt 0:03:20]} 23. cxd6 {[%emt 0:00:02]} Rxd6 {[%emt 0:00:04]} 24. Rac1 {[%emt 0:00:10]} Rcd8 {[%emt 0:00:55]} 25. Ba5 {[%emt 0:02:21]} R8d7 {[%emt 0:00:08]} 26. Rc8+ {[%emt 0:01:48]} Kf7 {[%emt 0:00:01]} 27. Qc4 {[%emt 0:00:10]} Ne7 {[%emt 0:00:55]} 28. Rh8 {[%emt 0:00:21]} Rxd4 {[%emt 0:05:18]} 29. Qe2 {[%emt 0:00:05]} Ng6 {[%emt 0:00:18]} 30. Ra8 {[%emt 0:00:56]} Nf4 {[%emt 0:00:24]} 31. Qc2 {[%emt 0:00:06]} R4d5 {[%emt 0:03:15]} 32. Bc3 {[%emt 0:03:22]} Rc5 {[%emt 0:05:21]} 33. Qa4 {[%emt 0:01:41]} Qe7 {[%emt 0:00:43]} 34. Bxg7 {[%emt 0:02:28]} Qd6 {[%emt 0:00:05]} 35. Rxa7 {[%emt 0:12:56]} Rxa7 {[%emt 0:00:12]} 36. Qxa7+ {[%emt 0:00:03]} Rc7 {[%emt 0:00:04]} 37. Qd4 {[%emt 0:00:28]} Qxd4+ {[%emt 0:00:04]} 38. Bxd4 {[%emt 0:00:06]} Rc2 {[%emt 0:00:02]} 39. Bf2 {[%emt 0:01:06]} Ra2 {[%emt 0:00:24]} 40. Rd1 {[%emt 0:03:48]} Rxa3 {[%emt 0:00:04]} 41. g3 {[%emt 0:02:12]} Nd5 {[%emt 0:03:49]} 42. Kg2 {[%emt 0:00:34]} Ra2 {[%emt 0:00:04]} 43. Kf1 {[%emt 0:00:05]} h5 {[%emt 0:00:22]} 44. Re1 {[%emt 0:00:04]} h4 {[%emt 0:00:58]} 45. g4 {[%emt 0:03:55]} Nf4 {[%emt 0:02:36]} 46. gxf5 {[%emt 0:02:56]} exf5 {[%emt 0:00:04]} 47. Bxh4 {[%emt 0:04:53]} Rxh2 {[%emt 0:00:06]} 48. Re7+ {[%emt 0:00:59]} Kf8 {[%emt 0:00:04]} 49. Re5 {[%emt 0:01:37]} Rxh4 {[%emt 0:02:14]} 50. Rxf5+ {[%emt 0:00:05]} Kg7 {[%emt 0:00:09]} 51. Kf2 {[%emt 0:00:26]} Ne6 {[%emt 0:00:05]} 52. Kg3 {[%emt 0:00:23]} Ra4 {[%emt 0:00:03]} 53. Rb5 {[%emt 0:00:10]} Kf6 {[%emt 0:00:03]} 54. Rb6 {[%emt 0:00:10]} Ra5 {[%emt 0:00:27]} 55. Rb4 {[%emt 0:00:06]} Kf5 {[%emt 0:00:17]} 56. Rb3 {[%emt 0:00:16]} Ng7 {[%emt 0:00:49]} 57. Rb4 {[%emt 0:00:33]} Nh5+ {[%emt 0:00:23]} 58. Kf2 {[%emt 0:00:03]} Ra3 {[%emt 0:01:42]} 59. Rb5+ {[%emt 0:00:06]} Kg6 {[%emt 0:00:04]} 60. Rb6+ {[%emt 0:00:13]} Kg5 {[%emt 0:00:05]} 61. Rb5+ {[%emt 0:00:09]} Kh4 {[%emt 0:00:09]} 62. Rb4+ {[%emt 0:00:20]} Kh3 {[%emt 0:00:14]} 63. Rg4 {[%emt 0:00:19]} Ra2+ {[%emt 0:00:25]} 64. Ke3 {[%emt 0:00:04]} Ng3 {[%emt 0:00:17]} 65. Kf4 {[%emt 0:01:41]} Ra4+ {[%emt 0:00:12]} 66. Ke5 {[%emt 0:01:38]} Ra5+ {[%emt 0:00:09]} 67. Kf4 {[%emt 0:00:17]} Rf5+ {[%emt 0:00:39]} 68. Ke3 {[%emt 0:00:05]} Kg2 {[%emt 0:00:11]} 69. f4 {[%emt 0:00:28]} Ra5 {[%emt 0:00:04]} 70. Rg5 {[%emt 0:00:53]} Ra3+ {[%emt 0:00:05]} 71. Kd4 {[%emt 0:00:08]} Kf3 {[%emt 0:00:50]} 72. Rg8 {[%emt 0:00:19]} Nf5+ {[%emt 0:00:58]} 73. Kc4 {[%emt 0:00:10]} Ra7 {[%emt 0:00:41]} 74. Rg1 {[%emt 0:00:20]} Rc7+ {[%emt 0:00:27]} 75. Kb4 {[%emt 0:00:11]} Kxf4 {[%emt 0:00:46]} 76. Rf1+ {[%emt 0:00:09]} Ke4 {[%emt 0:00:06]} 77. Re1+ {[%emt 0:00:08]} Ne3 {[%emt 0:00:07]} 78. Rh1 {[%emt 0:00:02]} Nf5 {[%emt 0:00:50]} 79. Re1+ {[%emt 0:00:05]} Kd5 {[%emt 0:00:04]} 80. Rh1 {[%emt 0:00:09]} Rc4+ {[%emt 0:00:14]} 81. Kb5 {[%emt 0:00:22]} Nd6+ {[%emt 0:00:44]} 82. Kb6 {[%emt 0:00:33]} Rc6+ {[%emt 0:00:07]} 83. Ka5 {[%emt 0:00:12]} Ne4 {[%emt 0:02:03]} 84. Kb5 {[%emt 0:00:48]} Nc3+ {[%emt 0:01:46]} 85. Kb4 {[%emt 0:00:09]} Rc4+ {[%emt 0:00:36]} 86. Kb3 {[%emt 0:00:03]} Ne4 {[%emt 0:00:20]} 87. Rh8 {[%emt 0:00:46]} Nc5+ {[%emt 0:00:16]} 88. Kb2 {[%emt 0:00:04]} Rg4 {[%emt 0:01:58]} 89. Kc3 {[%emt 0:00:16]} Ne4+ {[%emt 0:00:36]} 90. Kb4 {[%emt 0:00:26]} Nc5+ {[%emt 0:01:17]} 91. Kc3 {[%emt 0:00:01]} Rg3+ {[%emt 0:00:06]} 92. Kd2 {[%emt 0:00:16]} Nb3+ {[%emt 0:00:16]} 93. Ke2 {[%emt 0:00:16]} Nd4+ {[%emt 0:00:06]} 94. Kf2 {[%emt 0:00:10]} Rf3+ {[%emt 0:00:04]} 95. Kg2 {[%emt 0:00:01]} Rf6 {[%emt 0:00:10]} 96. Re8 {[%emt 0:00:18]} Ne6 {[%emt 0:00:14]} 97. Ra8 {[%emt 0:00:07]} Ke4 {[%emt 0:00:09]} 98. Ra4+ {[%emt 0:00:28]} Nd4 {[%emt 0:00:04]} 99. Ra8 {[%emt 0:00:01]} Nc2 {[%emt 0:00:38]} 100. Kg3 {[%emt 0:00:58]} Rf3+ {[%emt 0:00:49]} 101. Kg4 {[%emt 0:00:04]} Ne3+ {[%emt 0:00:03]} 102. Kg5 {[%emt 0:00:02]} Rf5+ {[%emt 0:00:08]} 103. Kg6 {[%emt 0:00:02]} Nd5 {[%emt 0:00:17]} 104. Ra1 {[%emt 0:01:23]} Rf6+ {[%emt 0:01:12]} 105. Kg5 {[%emt 0:00:42]} Rf8 {[%emt 0:00:14]} 106. Re1+ {[%emt 0:00:12]} Kd4 {[%emt 0:00:05]} 107. Rd1+ {[%emt 0:00:10]} Ke4 {[%emt 0:00:05]} 108. Re1+ {[%emt 0:00:02]} Ne3 {[%emt 0:00:06]} 109. Ra1 {[%emt 0:00:05]} Rg8+ {[%emt 0:00:10]} 110. Kf6 {[%emt 0:00:05]} Nd5+ {[%emt 0:00:03]} 111. Kf7 {[%emt 0:00:29]} Rb8 {[%emt 0:00:03]} 112. Re1+ {[%emt 0:00:17]} Kf5 {[%emt 0:00:03]} 113. Rf1+ {[%emt 0:00:03]} Nf4 {[%emt 0:00:09]} 114. Ke7 {[%emt 0:00:03]} Rb6 {[%emt 0:00:06]} 115. Kd7 {[%emt 0:00:10]} Rh6 {[%emt 0:00:17]} 116. Kc7 {[%emt 0:00:37]} Ke5 {[%emt 0:00:19]} 117. Re1+ {[%emt 0:00:06]} Kd4 {[%emt 0:00:04]} 118. Rd1+ {[%emt 0:00:05]} Nd3 {[%emt 0:00:05]} 119. Kd7 {[%emt 0:00:16]} Ke4 {[%emt 0:00:07]} 120. Ra1 {[%emt 0:00:15]} Kd5 {[%emt 0:00:15]} 121. Ra5+ {[%emt 0:01:16]} Nc5+ {[%emt 0:00:07]} 122. Ke7 {[%emt 0:00:05]} Rb6 {[%emt 0:00:10]} 123. Kf7 {[%emt 0:00:13]} Rh6 {[%emt 0:00:31]} 124. Ke7 {[%emt 0:00:11]} Rh7+ {[%emt 0:00:05]} 125. Kf6 {[%emt 0:00:03]} Rb7 {[%emt 0:00:04]} 1/2-1/2

[Event "12th New York International 2019"]
[Site "New York"]
[Date "2019.07.14"]
[Round "8.3"]
[White "Khamrakulov, Djurabek"]
[Black "Shen, Christopher"]
[Result "1/2-1/2"]
[WhiteElo "2506"]
[BlackElo "2283"]
[Annotator "ChessBase"]
[PlyCount "45"]
[EventDate "2019.07.11"]
[EventType "swiss"]
[EventCountry "USA"]
[SourceTitle "playchess.com"]
[Source "ChessBase"]
[SourceQuality "1"]
[TimeControl "5400+30"]

1. e4 {[%emt 0:00:00]} c5 {[%emt 0:00:00]} 2. Nf3 {[%emt 0:00:25]} e6 {[%emt 0:00:00]} 3. c3 {[%emt 0:00:34]} d5 {[%emt 0:00:36]} 4. exd5 {[%emt 0:00:19]} exd5 {[%emt 0:01:09]} 5. d4 {[%emt 0:00:03]} Nc6 {[%emt 0:01:04]} 6. Be3 {[%emt 0:00:47]} c4 {[%emt 0:03:16]} 7. b3 {[%emt 0:00:45]} cxb3 {[%emt 0:00:57]} 8. axb3 {[%emt 0:00:03]} Nf6 {[%emt 0:01:54]} 9. Bd3 {[%emt 0:00:36]} Bg4 {[%emt 0:01:55]} 10. Nbd2 {[%emt 0:00:47]} Bd6 {[%emt 0:01:23]} 11. O-O {[%emt 0:01:01]} O-O {[%emt 0:00:53]} 12. Bg5 {[%emt 0:01:41]} h6 {[%emt 0:06:25]} 13. Be3 {[%emt 0:10:23]} Qd7 {[%emt 0:08:29]} 14. Qb1 {[%emt 0:09:38]} Rfe8 {[%emt 0:03:02]} 15. Re1 {[%emt 0:01:55]} Bxf3 {[%emt 0:06:10]} 16. Nxf3 {[%emt 0:00:45]} Ne4 {[%emt 0:00:52]} 17. c4 {[%emt 0:13:42]} Nb4 {[%emt 0:08:23]} 18. Rc1 {[%emt 0:05:29]} Nxd3 {[%emt 0:07:51]} 19. Qxd3 {[%emt 0:00:27]} a6 {[%emt 0:02:49]} 20. Ra5 {[%emt 0:12:35]} Nf6 {[%emt 0:03:00]} 21. cxd5 {[%emt 0:08:45]} Bb4 {[%emt 0:05:48]} 22. Ne5 {[%emt 0:01:49]} Qd6 {[%emt 0:00:54]} 23. Ra4 {[%emt 0:08:12]} 1/2-1/2

[Event "12th New York International 2019"]
[Site "New York"]
[Date "2019.07.14"]
[Round "8.4"]
[White "Shen, Victor"]
[Black "Brodsky, David"]
[Result "0-1"]
[WhiteElo "2418"]
[BlackElo "2432"]
[Annotator "ChessBase"]
[PlyCount "58"]
[EventDate "2019.07.11"]
[EventType "swiss"]
[EventCountry "USA"]
[SourceTitle "playchess.com"]
[Source "ChessBase"]
[SourceQuality "1"]
[TimeControl "5400+30"]

1. c4 {[%emt 0:14:44]} b6 {[%emt 0:00:00]} 2. d4 {[%emt 0:00:32]} Bb7 {[%emt 0:00:07]} 3. Nc3 {[%emt 0:00:24]} e6 {[%emt 0:00:12]} 4. Bf4 {[%emt 0:04:38]} Nf6 {[%emt 0:04:26]} 5. e3 {[%emt 0:00:12]} Bb4 {[%emt 0:05:52]} 6. Qb3 {[%emt 0:12:09]} c5 {[%emt 0:00:36]} 7. dxc5 {[%emt 0:02:36]} Bxc5 {[%emt 0:02:44]} 8. Nf3 {[%emt 0:05:00]} O-O {[%emt 0:03:00]} 9. Be2 {[%emt 0:01:04]} Be7 {[%emt 0:05:03]} 10. Rd1 {[%emt 0:07:53]} Nh5 {[%emt 0:05:16]} 11. Bd6 {[%emt 0:00:44]} Bxd6 {[%emt 0:00:12]} 12. Rxd6 {[%emt 0:00:03]} Qe7 {[%emt 0:00:20]} 13. Rd2 {[%emt 0:07:07]} Nf6 {[%emt 0:02:28]} 14. O-O {[%emt 0:00:23]} Nc6 {[%emt 0:03:01]} 15. Rfd1 {[%emt 0:09:37]} Na5 {[%emt 0:04:30]} 16. Qa4 {[%emt 0:01:04]} Bc6 {[%emt 0:06:10]} 17. Qc2 {[%emt 0:02:05]} Bxf3 {[%emt 0:00:14]} 18. gxf3 {[%emt 0:05:59]} Rac8 {[%emt 0:00:49]} 19. Qa4 {[%emt 0:04:44]} Qc5 {[%emt 0:00:44]} 20. f4 {[%emt 0:03:23]} Qf5 {[%emt 0:05:25]} 21. Rd4 {[%emt 0:04:42]} Qh3 {[%emt 0:05:07]} 22. Bf1 {[%emt 0:01:14]} Qh4 {[%emt 0:06:42]} 23. R1d2 {[%emt 0:01:53]} Kh8 {[%emt 0:02:23]} 24. Bg2 {[%emt 0:04:07]} Nc6 {[%emt 0:02:26]} 25. Rd6 {[%emt 0:01:51]} g5 {[%emt 0:02:55]} 26. fxg5 {[%emt 0:00:02]} Qxg5 {[%emt 0:01:04]} 27. Qb5 {[%emt 0:02:51]} Ne5 {[%emt 0:02:17]} 28. Rxd7 {[%emt 0:01:15]} Nfxd7 {[%emt 0:01:22]} 29. Rxd7 {[%emt 0:00:21]} Rg8 {[%emt 0:00:22]} 0-1

[Event "12th New York International 2019"]
[Site "New York"]
[Date "2019.07.14"]
[Round "9.1"]
[White "Brodsky, David"]
[Black "Rohde, Michael"]
[Result "1/2-1/2"]
[WhiteElo "2432"]
[BlackElo "2332"]
[Annotator "TA"]
[PlyCount "72"]
[EventDate "2019.07.11"]
[EventType "swiss"]
[EventCountry "USA"]
[SourceTitle "playchess.com"]
[Source "ChessBase"]
[SourceQuality "1"]

{[%evp 14,72,47,40,40,43,41,47,48,45,49,25,48,26,44,12,8,0,26,31,31,16,17,25,48,30,43,29,22,10,56,0,0,0,22,0,6,14,41,30,54,0,0,0,0,-16,-16,-16,-8,-68,-68,-88,-95,-98,-97,-96,-85,-97,0,-96,-96]} 1. e4 e5 2. Nf3 Nc6 3. Bb5 Nf6 4. d3 d6 5. O-O Bd7 6. Re1 Be7 7. c3 O-O 8. Nbd2 Re8 {C66: Ruy Lopez: Steinitz Defence} 9. Nf1 Na5 (9... Bf8 10. Ng3 h6 11. h3 Ne7 12. Bc4 c6 13. Bb3 Ng6 14. d4 Qc7 15. Be3 exd4 16. Bxd4 {½-½ (31) Grandelius,N (2682)-Naiditsch,A (2734) Caleta 2019}) 10. Bxd7 Nxd7 {White is slightly better.} 11. Ng3 $146 ({Predecessor:} 11. Ne3 Nc6 12. Nf5 Bf6 13. g4 Nf8 14. g5 Be7 15. h4 Ne6 16. Nh2 {½-½ (75) Bronstein,L-Bazan,O Buenos Aires 1966}) 11... g6 12. d4 Nc6 {[%cal Ba5c6,Bc6b8,Bb8d7,Bd7c5][%mdl 32]} 13. d5 Ncb8 14. a4 a5 15. Be3 Nf6 16. Nd2 h5 17. f3 Nbd7 18. Nc4 Nh7 19. Nh1 Bg5 20. Qd2 Nc5 {With the idea ...Nb3.} 21. Bxg5 Qxg5 (21... Nxg5 {with more complications.} 22. Qc2 Qb8 23. b4 axb4 24. cxb4 Nxa4 25. Nf2 b5) 22. Qxg5 (22. Qc2 $14) 22... Nxg5 $11 23. Nf2 b6 24. Na3 Re7 25. Nb5 Kg7 26. b4 Nb7 27. Nd3 ({White should play} 27. h4 $14 Nh7 28. g4) 27... h4 28. h3 Nh7 29. Nb2 Nf6 30. Nc4 Nh5 31. bxa5 (31. Nd2 $11) 31... Nxa5 $15 32. Nxa5 Rxa5 33. Reb1 Nf4 34. c4 Kf8 35. Rb3 Kg7 36. Rbb1 $1 Nd3 {Accuracy: White = 41%, Black = 55%.} 1/2-1/2

[Event "12th New York International 2019"]
[Site "New York"]
[Date "2019.07.14"]
[Round "9.2"]
[White "Zherebukh, Yaroslav"]
[Black "Zhou, Liran"]
[Result "1-0"]
[WhiteElo "2628"]
[BlackElo "2314"]
[Annotator "TA"]
[PlyCount "79"]
[EventDate "2019.07.11"]
[EventType "swiss"]
[EventCountry "USA"]
[SourceTitle "playchess.com"]
[Source "ChessBase"]
[SourceQuality "1"]

{[%evp 17,79,32,39,32,32,33,33,33,32,52,45,42,42,34,41,47,52,40,64,49,77,90,88,84,83,69,112,115,342,341,545,545,545,545,545,545,545,545,545,545,538,537,6432,6454,6447,6432,6456,6456,6456,6432,6432,6432,6432,6432,6079,5915,5422,3987,863,820,29948,29940,6464,6481]} 1. Nf3 Nf6 2. c4 g6 3. Nc3 Bg7 4. g3 O-O 5. Bg2 d6 6. O-O Nc6 7. d4 a6 8. b3 Bd7 9. Bb2 Rb8 10. e3 {E63: King's Indian: Fianchetto: Panno Variation with 7...a6} b5 11. Qe2 Na5 12. Nd2 {White is slightly better.} c5 (12... Bg4 13. f3 Bd7 14. Rfd1 Re8 15. Rac1 bxc4 16. Nxc4 c6 17. e4 Bh6 18. Ne3 {½-½ (35) Ghaem Maghami,E (2523)-Jones,G (2675) Dubai 2018}) 13. dxc5 dxc5 14. Rfd1 Qb6 15. Nd5 Nxd5 16. Bxg7 Kxg7 17. cxd5 Rbc8 $146 ({Predecessor:} 17... Rfc8) 18. Rac1 f6 19. e4 e5 20. dxe6 Qxe6 21. Qe3 Qe7 22. e5 Qxe5 $2 {[#]} (22... fxe5 $16 23. Nf3 Nc6) 23. Nc4 $1 $18 {[%mdl 576] Discovered Attack} bxc4 (23... Nxc4 $142 24. Rxd7+ Rf7 25. Rxf7+ Kxf7) 24. Rxd7+ Rf7 25. Qd2 {Rxf7+ is the strong threat.} Qe6 26. Rxf7+ Qxf7 27. Qxa5 cxb3 28. axb3 Qxb3 29. Qxa6 Qb2 30. Re1 Rc7 31. Qd6 Rf7 32. Qxc5 Qd2 33. Re7 Qd1+ 34. Bf1 Qd8 35. Rxf7+ Kxf7 36. Bc4+ Kg7 37. Qd5 Qe7 38. h4 f5 39. Qd4+ Kh6 40. Qe3+ {Accuracy: White = 100%, Black = 45%.} 1-0

[Event "12th New York International 2019"]
[Site "New York"]
[Date "2019.07.14"]
[Round "9.3"]
[White "Paragua, Mark"]
[Black "Perez, Robert"]
[Result "1/2-1/2"]
[WhiteElo "2503"]
[BlackElo "2393"]
[Annotator "TA"]
[PlyCount "76"]
[EventDate "2019.07.11"]
[EventType "swiss"]
[EventCountry "USA"]
[SourceTitle "playchess.com"]
[Source "ChessBase"]
[SourceQuality "1"]

{[%evp 19,76,0,14,21,29,23,27,14,21,20,18,9,16,7,22,0,0,0,0,0,0,-14,0,0,0,0,100,111,104,97,114,31,27,34,22,31,23,29,24,-4,-5,-88,-88,-118,-133,-121,-121,-107,-80,-83,-83,-91,-89,-73,-87,-104,-4,-6,-3]} 1. d4 Nf6 2. c4 g6 3. Nc3 d5 4. Nf3 Bg7 5. Qb3 dxc4 6. Qxc4 O-O 7. e4 a6 8. Be2 b5 9. Qb3 c5 10. dxc5 Be6 11. Qc2 {D97: Grünfeld: Russian System: 7 e4, replies other than 7...Bg4} Nbd7 {[%cal Bb8d7,Bd7c5,Bc5e4][%mdl 32]} 12. Be3 Rc8 13. Rd1 {And now Ng5 would win.White has an edge.} b4 14. Nd5 Bxd5 15. exd5 {Black must now prevent c6.} Nxc5 $1 16. O-O a5 (16... Nce4 17. Qd3 Qd6 18. Qxa6 Rc2 {½-½ (67) Giri,A (2755)-Nepomniachtchi,I (2740) Moscow 2016}) 17. Bb5 $36 {[%mdl 2048] White is pushing.} Nce4 18. Bc6 Nd6 {[#]} 19. Rfe1 $146 Nf5 20. Qd2 Qc7 21. Bf4 Qa7 22. Ne5 Rfd8 (22... Nh5 $11) 23. g4 $16 Nd6 24. Qe2 a4 25. Nd3 (25. Rd3 $16) 25... a3 $1 $14 26. Qxe7 Qxe7 27. Rxe7 {aiming for bxa3.} axb2 28. Nxb2 Nxg4 29. Bxd6 Rxd6 30. Nc4 (30. Nd3 $11) 30... Rcxc6 $17 31. dxc6 Rxd1+ 32. Kg2 {[#]} Rc1 $1 {[%cal Rc1c4]} 33. Re4 {[#]} Be5 $1 {[%mdl 512] Threatens to win with ...Nf6.} 34. Rxg4 (34. Nxe5 Nxe5) 34... f5 35. Rh4 g5 36. c7 Bxc7 37. Rd4 Rb1 (37... f4 $17 {...g4 is the strong threat.} 38. Kf3 Rc2) 38. Rd5 $11 b3 {Accuracy: White = 53%, Black = 63%.} 1/2-1/2